| 000 | 00395nam a22001577a 4500 | ||
|---|---|---|---|
| 999 |
_c532870 _d532870 |
||
| 003 | NUST | ||
| 005 | 20191204113342.0 | ||
| 008 | 191204b ||||| |||| 00| 0 eng d | ||
| 038 | _aMSOHAIL | ||
| 082 | _a0 | ||
| 100 |
_aVincent Guinot _926486 |
||
| 245 | _aGodunov type Scheme : An introduction to Engineers | ||
| 260 |
_aNetherland _bElsevier _cc2003 |
||
| 300 | _a483,p; | ||
| 942 |
_2ddc _cBK |
||